| 000 | 00490pab a2200169 454500 | ||
|---|---|---|---|
| 008 | 180718b2003 xxu||||| |||| 00| 0 eng d | ||
| 100 | _aEmerson, Patrick | ||
| 245 | _aIs there a child labor trap? Intergenerational persistence of child labor in Brazil | ||
| 260 | _c2003 | ||
| 300 | _ap.375-98. | ||
| 362 | _aJan | ||
| 650 | _aChild labour - Brazil | ||
| 650 | _aChild labour | ||
| 700 | _aSouza, Andre Portela | ||
| 773 | _aEconomic Development and Cultural Change | ||
| 909 | _a57384 | ||
| 999 |
_c57384 _d57384 |
||